LEADER 01482nam a2200349 i 4500 001 991000937469707536 005 20020507104114.0 008 970307s1991 us ||| | eng 020 $a0819404446 035 $ab10150699-39ule_inst 035 $aLE00639422$9ExL 040 $aDip.to Fisica$bita 084 $a53.2.65 084 $a53.8.3 084 $a621.36'63 084 $aTA1695 111 2 $aSpie Conference on excimer laser materials processing and beam delivery systems$0461960 245 10$aExcimer laser materials processing and beam delivery systems :$bproceedings of SPIE (8-9 November 1990 Boston, Massachusetts) /$cBernhard P. Piwczyk (ed.) 260 $aBellingham :$bSPIE,$cc1991 300 $avii, 135 p. :$bill. ;$c28 cm. 490 0 $aSPIE Proceedings ;$v1377 500 $aIncludes bibliographical references and index. 650 4$aExcimer lasers$xCongresses 700 1 $aPiwczyk, Bernhard P.$eauthor$4http://id.loc.gov/vocabulary/relators/aut$0733161 710 2 $aSPIE 907 $a.b10150699$b17-02-17$c27-06-02 912 $a991000937469707536 945 $aLE006 53.2.65 PIW$g1$i2006000011563$lle006$o-$pE0.00$q-$rl$s- $t0$u0$v0$w0$x0$y.i10180564$z27-06-02 945 $aLE006 53.2.65 PIW$g2$i2006000011570$lle006$o-$pE0.00$q-$rl$s- $t0$u0$v0$w0$x0$y.i10180576$z27-06-02 996 $aExcimer laser materials processing and beam delivery systems$91444814 997 $aUNISALENTO 998 $ale006$b01-01-97$cm$da $e-$feng$gus $h0$i2 LEADER 02509nam 2200541 450 001 9910788739303321 005 20170822144131.0 010 $a1-4704-0267-X 035 $a(CKB)3360000000464860 035 $a(EBL)3114467 035 $a(SSID)ssj0000888778 035 $a(PQKBManifestationID)11456884 035 $a(PQKBTitleCode)TC0000888778 035 $a(PQKBWorkID)10867686 035 $a(PQKB)10485618 035 $a(MiAaPQ)EBC3114467 035 $a(RPAM)11767667 035 $a(PPN)195415604 035 $a(EXLCZ)993360000000464860 100 $a19990720h19991999 uy| 0 101 0 $aeng 135 $aur|n|---||||| 181 $ctxt 182 $cc 183 $acr 200 10$aAsymptotics for solutions of linear differential equations having turning points with applications /$fS. Strelitz 210 1$aProvidence, Rhode Island :$cAmerican Mathematical Society,$d[1999] 210 4$d©1999 215 $a1 online resource (105 p.) 225 1 $aMemoirs of the American Mathematical Society,$x0065-9266 ;$vnumber 676 300 $a"November 1999, volume 142, number 676 (second of 4 numbers)." 311 $a0-8218-1352-8 320 $aIncludes bibliographical references (page 88). 327 $a""Table of Contents""; ""Chapter 1: The Construction of Asymptotics""; ""A?1 Introduction""; ""A?2 Formulation of the main result""; ""A?3 The main auxiliary lemma""; ""A?4 The equation Y[sup(n)] = I?»p[sub(0)]X[sup(I?±Y)]""; ""A?5 Asymptotics in [0, x[sub(0)]""; ""A?6 Asymptotics in [x*, l]""; ""A?7 Proof of Theorem 1""; ""A?8 Completion of the proof of Theorem 1 and of Theorem 2""; ""Chapter 2: Application: Existence and Asymptotics of Eigenvalues""; ""A?1 Introduction""; ""A?2 Boundary problem for a second order equation"" 327 $a""A?3 Boundary problem for a third order equation. Existence of eigenvalues""""A?4 Asymptotics for eigenvalues sequences""; ""References"" 410 0$aMemoirs of the American Mathematical Society ;$vno. 676. 606 $aDifferential equations, Linear$xAsymptotic theory 615 0$aDifferential equations, Linear$xAsymptotic theory. 676 $a510 s 676 $a515/.354 700 $aStrelitz$b S$g(Shlomo),$f1923-$01567026 801 0$bMiAaPQ 801 1$bMiAaPQ 801 2$bMiAaPQ 906 $aBOOK 912 $a9910788739303321 996 $aAsymptotics for solutions of linear differential equations having turning points with applications$93838095 997 $aUNINA